000 00277nam a2200121 a 4500
008 101022s1967|||| d
245 1 0 _aNenašla som ťa
100 1 _aLászlová, Karin
044 _axo
_cSK
260 _bObzor
_aBratislava
_c1967
020 _c11
041 _aslo
999 _c12091
_d12091